| 000 | nam a22 7a 4500 | ||
|---|---|---|---|
| 999 |
_c30483 _d30482 |
||
| 003 | OSt | ||
| 005 | 20180206110628.0 | ||
| 008 | 180206b ||||| |||| 00| 0 eng d | ||
| 040 |
_aMMU _beng _cMMU _dMMU |
||
| 050 | _aKF4819.I718 2010 | ||
| 245 |
_aImmigration Law vol.II/ _cObiora Okafor |
||
| 260 |
_aNew YOrk: _bYork University, _c2010. |
||
| 300 | _a508p.; | ||
| 650 | _aimmigration law | ||
| 942 |
_2lcc _cLOAN LOAN |
||